<?xml version="1.0" encoding="UTF-8"?><?xml-stylesheet type="text/xsl" href="static/style.xsl"?><OAI-PMH xmlns="http://www.openarchives.org/OAI/2.0/" xmlns:xsi="http://www.w3.org/2001/XMLSchema-instance" xsi:schemaLocation="http://www.openarchives.org/OAI/2.0/ http://www.openarchives.org/OAI/2.0/OAI-PMH.xsd"><responseDate>2026-04-17T01:32:51Z</responseDate><request verb="GetRecord" identifier="oai:www.recercat.cat:2117/89259" metadataPrefix="marc">https://recercat.cat/oai/request</request><GetRecord><record><header><identifier>oai:recercat.cat:2117/89259</identifier><datestamp>2025-07-22T18:19:56Z</datestamp><setSpec>com_2072_1033</setSpec><setSpec>col_2072_452951</setSpec></header><metadata><record xmlns="http://www.loc.gov/MARC21/slim" xmlns:dcterms="http://purl.org/dc/terms/" xmlns:xsi="http://www.w3.org/2001/XMLSchema-instance" xmlns:doc="http://www.lyncode.com/xoai" xsi:schemaLocation="http://www.loc.gov/MARC21/slim http://www.loc.gov/standards/marcxml/schema/MARC21slim.xsd">
   <leader>00925njm 22002777a 4500</leader>
   <datafield ind2=" " ind1=" " tag="042">
      <subfield code="a">dc</subfield>
   </datafield>
   <datafield ind2=" " ind1=" " tag="720">
      <subfield code="a">Cano Marí, Roger</subfield>
      <subfield code="e">author</subfield>
   </datafield>
   <datafield ind2=" " ind1=" " tag="260">
      <subfield code="c">2016-04-30</subfield>
   </datafield>
   <datafield ind2=" " ind1=" " tag="520">
      <subfield code="a">This Final degree's thesis is done under the UPC-Canadà program in which the author realizes his last degree year in Montréal, Canada, to the Polytechnique de Montréal university under the supervision of Dr. Giovanni Beltrame being part of his laboratory Mistlab and also on the Polyorbite group of students. Polyorbite is an organization that participates in the biannual contest CSDC (Canadian Satellite Design Challenge) that consists on the realization from 0 of a 3U CubeSat by undergraduate and master students. By the start of this thesis on September 2016, the contest was in the middle of the 2014-2016 iteration without having almost nothing on the telecommunication part, having just 2 semesters for design, build and test an entirely telecommunications system, suitable for the satellite purpose, until June 2016 in which the final presentations of the contest took place on Ottawa. The purpose of this thesis is then an early design of a telecommunications system for a CubeSat satellite.</subfield>
   </datafield>
   <datafield tag="653" ind2=" " ind1=" ">
      <subfield code="a">Àrees temàtiques de la UPC::Enginyeria de la telecomunicació::Radiocomunicació i exploració electromagnètica::Satèl·lits i ràdioenllaços</subfield>
   </datafield>
   <datafield tag="653" ind2=" " ind1=" ">
      <subfield code="a">Telecommunications--Equipment and supplies</subfield>
   </datafield>
   <datafield tag="653" ind2=" " ind1=" ">
      <subfield code="a">CubeSat Telecommunications Polytechnique CSDC Canada Antennas Space</subfield>
   </datafield>
   <datafield tag="653" ind2=" " ind1=" ">
      <subfield code="a">Estacions terrestres (Telecomunicacions per satèl·lits)</subfield>
   </datafield>
   <datafield ind2="0" ind1="0" tag="245">
      <subfield code="a">Telecommunications system of a CubeSat satellite</subfield>
   </datafield>
</record></metadata></record></GetRecord></OAI-PMH>